000 00876nam a2200265 a 4500
001 BRL_1174
005 20190320211052.0
008 211113s1942----mx-a######---#000-0#spa-#
041 _aspa
044 _amx
050 4 _aNB253
_b.M67 1942
100 1 _aMoreno Villa, José
_910083
245 1 0 _aLa escultura colonial mexicana
_cJosé Moreno Villa.
260 _aMéxico
_bEl Colegio de México : Fondo de Cultura Económica
_c1942
300 _a110 p.
_bil., 138 láminas
_c23 cm.
500 _aAu1349
500 _aEstado físico: encuadernado, febrero 2014
500 _aEstado físico: encuadernado y restaurado, noviembre 2015
500 _aIncluye índice de lugares y autores.
504 _aBibliografía: p. 85-87
650 1 4 _aEscultura colonial
_zMéxico
_94085
650 1 4 _aArte y simbolísmo cristianos
_zMéxico
_91839
902 _aGRL
942 _2lcc
_cB
999 _c9986
_d9986